National Anthem of the Solomon Islands - God Save Our Solomon Islands - Statistics

General Stats
  • This quiz has been taken 3 times
  • The average score is 27 of 48
Answer Stats
Lyrics % Correct
and
100%
and
100%
be,
100%
God
100%
Islands
100%
Islands,
100%
Islands
100%
Islands
100%
our
100%
our
100%
our
100%
Our
100%
our
100%
Our
100%
save
100%
Solomon
100%
Solomon
100%
Solomon
100%
Solomon
100%
to
100%
all
67%
all
67%
Bless
67%
lands
67%
nation
67%
peace,
67%
people
67%
your
67%
for
33%
from
33%
make
33%
men
33%
nations
33%
With
33%
brothers
0%
ever
0%
hands
0%
Joy,
0%
more.
0%
progress
0%
prosperity
0%
protecting
0%
see
0%
shore
0%
shore
0%
should
0%
Stands
0%
That
0%
No matching quizzes found
Score Distribution
Percent of People with Each Score
Percentile by Number Answered
Your Score History
You have not taken this quiz